| 000 | 01168nam1a22002171i 4500 | ||
|---|---|---|---|
| 001 | rc\3367463 | ||
| 005 | 20260407111719.0 | ||
| 035 | _a(NLR Aleph) 007445464 | ||
| 090 |
_a7160544 _c7160544 |
||
| 100 | _a20130115d1970 |||y0rusy50 ca | ||
| 101 | 0 | _arus | |
| 102 | _aRU | ||
| 105 | _ay z ||||| | ||
| 200 | 1 |
_aТиповые нормы времени и расценки на разборку и сборку при ремонте навесного оборудования корчевателей-собирателей Д-513, Д-496, Д-695 и кустореза болотного КБ-4 _eДля строит. организаций _fРСФСР. М-во мелиорации и водного хоз-ва. Центр. нормативно-исслед. бюро |
|
| 210 |
_aМосква _cБ. и. _d1970 |
||
| 215 | _d22 | ||
| 712 | 0 | 1 |
_aРСФСР _bМинистерство мелиорации и водного хозяйства _bЦентральное нормативно-исследовательское бюро _9629037 _3RU\NLR\AUTH\8810063711 |
| 801 | 0 |
_aRU _bNLR _gpsbo |
|
| 801 | 1 |
_aRU _bELAR _2rusmarc |
|
| 852 |
_aNLR _jПт 86.1/173-Т10 |
||
| 942 | _cBOOK | ||